Dimenzovanie káblov z hľadiska dovoleného prúdového zaťaženia

Guardado en:
Detalles Bibliográficos
Autor principal: Masný, Michal, 1980- (Autor)
Otros Autores: Reváková, Daniela, 1945- (Orientador)
Formato: Manuscrito Libro
Lenguaje:eslovaco
Publicado: Bratislava : STU v Bratislave FEI, 2003
Materias:
Etiquetas: Agregar Etiqueta
Sin Etiquetas, Sea el primero en etiquetar este registro!

MARC

LEADER 00000ntm a22000003a 4500
001 stu87082
005 20150617225630.7
008 040519s2003------------------------slo-d
040 |a STU  |b slo 
041 0 |a slo 
100 1 |a Masný, Michal,  |d 1980-  |4 aut  |u E180  |U FEI Fakulta elektrotechniky a informatiky  |T FEI Katedra mechaniky  |X 10189  |U E180  |Y 65  |7 A000010189 
245 1 |a Dimenzovanie káblov z hľadiska dovoleného prúdového zaťaženia 
260 |a Bratislava :  |b STU v Bratislave FEI,  |c 2003 
300 |a 90 s 
650 7 |a Elektroenergetické a silnoprúdové inžinierstvo  |2 stusub 
700 1 |a Reváková, Daniela,  |d 1945-  |4 ths  |u E130  |U FEI Fakulta elektrotechniky a informatiky  |T FEI Katedra elektroenergetiky  |X 2084  |U E130  |Y 59  |7 A000002084